000 00588cam a22002291 4500
001 sa 67004311
003 DLC
005 20260227112345.0
008 891011s1966 ii b 000 0 beno
010 _asa 67004311
035 _a(OCoLC)20476868
040 _aDLC
_cWaU
_dDLC
042 _apremarc
050 0 0 _aPK1658
_b.G6
100 1 _aGosvāmī, Kr̥shṇapada,
_d1911-
245 1 0 _aBāṃlā bhāshātattvera itihāsa.
260 _c[1966]
300 _a10, 331, [3] p.
_c23 cm.
500 _aIn Bengali.
504 _aBibliography: p. [334]
650 0 _aBengali language.
999 _c74375
_d74375